000 01871cam a2200325 4500500
005 20260111085349.0
041 _afre
042 _adc
100 1 0 _aGounelle, André
_eauthor
700 1 0 _aVouga, François
_eauthor
245 0 0 _aThèses sur l’Écriture
260 _c2022.
500 _a42
520 _aCes thèses ont été rédigées par les professeurs André Gounelle et François Vouga dans le cadre d’un séminaire qui a été suivi par des étudiants en cinquième année de théologie, et qui avait pour thème : « l’autorité de l’Écriture ». Elles ont été expliquées et discutées en séance, puis partiellement remaniées en tenant compte de ces discussions. Nous avons conservé le caractère schématique (lié au genre littéraire de la thèse) et le vocabulaire technique de ce document de travail1.
520 _aThese theses were written by professors André Gounelle and François Vouga as part of a seminar that was attended by students in their fifth year of theology, and which theme was “the authority of Scripture”. The theses were explained and discussed in the session, and then partially revised to reflect these discussions. We have retained the schematic character (related to the literary genre of the thesis) and the technical vocabulary of this working document.
690 _aautorité
690 _aÉcriture
690 _afoi
690 _aherméneutique
690 _ahistoire
690 _ainterprétation
690 _aauthority
690 _afaith
690 _ahermeneutics
690 _ahistory
690 _ainterpretation
690 _aScripture
786 0 _nÉtudes théologiques et religieuses | 97 | 3 | 2022-09-20 | p. 311-317 | 0014-2239
856 4 1 _uhttps://shs.cairn.info/revue-etudes-theologiques-et-religieuses-2022-3-page-311?lang=fr&redirect-ssocas=7080
999 _c1618036
_d1618036